| 000 | 00405nam a2200169Ia 4500 | ||
|---|---|---|---|
| 001 | 67139 | ||
| 008 | 150604s9999 xx 000 0 und d | ||
| 020 | _aNA | ||
| 040 | _cPK-LaUMT | ||
| 082 |
_a 891.4393 _bSHA-N |
||
| 100 | _aShahid Dogar | ||
| 245 |
_aNoor-e-Khuda (Urdu) _cShahid Dogar |
||
| 260 |
_aLahore,Pakistan: _bIlm Doost Publications, _cNA |
||
| 300 | _a256 p. | ||
| 546 | _aUR | ||
| 942 | _cBK | ||
| 999 |
_c72529 _d72529 |
||